|
|
|
|
| LEADER |
01255nam a2200325 a 4500 |
| 001 |
000588648 |
| 003 |
CZ BrMZK |
| 005 |
20081223084717.0 |
| 007 |
ta |
| 008 |
020227s2002 xr e p 0 cze d |
| 015 |
|
|
|a cnb001089250
|
| 020 |
|
|
|a 80-7318-056-1
|
| 035 |
|
|
|a (OCoLC)51190490
|
| 040 |
|
|
|a BOA001
|b cze
|
| 072 |
|
7 |
|a 330.8
|x Ekonomické teorie, doktríny, směry
|2 Konspekt
|9 4
|
| 072 |
|
7 |
|a 37.016
|x Učební osnovy. Vyučovací předměty. Učebnice
|2 Konspekt
|9 22
|
| 080 |
|
|
|a 330.8(091)
|2 MRF
|
| 080 |
|
|
|a (075.8)
|2 MRF
|
| 100 |
1 |
|
|a Nováček, Vnislav,
|d 1950-
|7 xx0005579
|4 aut
|
| 245 |
1 |
0 |
|a Ekonomické teorie :
|b přehled vývoje světového ekonomického myšlení : (teze přednášek) /
|c Vnislav Nováček
|
| 250 |
|
|
|a Vyd. 5. upr.
|
| 260 |
|
|
|a Zlín :
|b Univerzita Tomáše Bati,
|c 2002
|
| 300 |
|
|
|a 75 s. :
|b il. ;
|c 21 cm
|
| 504 |
|
|
|a Obsahuje bibliografii
|
| 650 |
0 |
7 |
|a ekonomické teorie
|7 ph114428
|x dějiny
|2 czenas
|
| 655 |
|
7 |
|a učebnice vysokých škol
|7 fd133772
|2 czenas
|
| 710 |
2 |
|
|a Univerzita Tomáše Bati ve Zlíně.
|b Fakulta managementu a ekonomiky
|7 kn20010709196
|
| 910 |
|
|
|a BOA001
|b 2-1098.687
|
| 990 |
|
|
|a BK
|
| 996 |
6 |
|
|b 2610154015
|c 2-1098.687
|l MZK
|r Sklad / do 1 hodiny
|n 7
|p p.v.
|w 000588648
|u 000010
|a 1
|e BOA001
|j MZK50
|s P
|